Soccer Players by Letter - I - Statistics

General Stats
  • This quiz has been taken 526 times
  • The average score is 8 of 12
Answer Stats
Picture Answer % Correct
Andrés Iniesta
99%
Zlatan Ibrahimović
99%
Isco
83%
Alexander Isak
82%
Ciro Immobile
75%
Filippo Inzaghi
70%
Lorenzo Insigne
66%
Alex Iwobi
54%
Branislav Ivanović
53%
Kelechi Iheanacho
37%
Denis Irwin
27%
Paul Ince
27%
No matching quizzes found
Score Distribution
Percent of People with Each Score
Percentile by Number Answered
Your Score History
You have not taken this quiz